$uicideboy$ Song Quiz - Statistics

General Stats
  • This quiz has been taken 11 times
  • The average score is 9 of 20
Answer Stats
Hint Answer % Correct
"Cough a lot from that damage to my lungs" Avalon
78%
"All this fame is such a curse, sometimes I wish I was a ghost, watch me raise the fucking dead next time I'm on stage at a show" 1000 Blunts
67%
"I ride for my family that's Grey*59, try and be all I can be and not waste my time" Matte Black
67%
"I feel like Princess Peach, rose gold on my Mercedes" The Thin Grey Line
67%
"Ruby da fucking ape, Ruby da fucking orangutan" Audubon
56%
"Always complainin' bout bitches and love when I don't feel nothing, no not even lust" Diemonds
56%
"See the reaper creepin' as my blood is seeping, sleeping deeper through the night, so I can face my demons" My Flaws Burn Through My Skin Like Demonic Flames From Hell
56%
"Caught up in reality, smokin' on some fantasy" Drugs/Hoes/Money/Etc.
44%
"7th ward dragon, when I breathe it's fucking flammable" Fucking Your Culture
44%
"Like my bitches dead, bullet to their head Harvest Moon
44%
"If I don't let my demons out to breathe, I'll end up with some horns or a pair of fucking wings" Not Even Ghosts Are This Empty
44%
"Xanax bars up in my drink before I pour 'em (crush it up) O Pana!
44%
"Soon as I reached cloud nine, it started stormin'" The Number You Have Dialed is Not in Service
44%
"Xanax for the panic, mental problems you can add in" For the Last Time
33%
"Blowin' dope, remindin' myself I'm the boss of the Grey, ayy Ugliest
33%
"Too much energy, energy spent unsuccessfully, oh please just let me be one of your memories" Clyde (I Hope at Least One of My Ex-Girlfriends Hears This)
22%
"The ones who make the reaper blush, I feel like Jesus Christ the way my sneakers rust" Lone Wolf Hysteria
22%
"Used to be called a bunch of things before they called me $now Leopard, I froze up and shivered off the shards of cold weather with no effort" All That Glitters is Not Gold, But it's Still Damn Beautiful
11%
"Sticks and stones may break my bones, but words will never hurt me" Kill Yourself (Part IV)
11%
"There ain't no debatin' with $uicide, two deep when I ride, Ruby gettin' high off of the pills that I supply" Mount Sinai
11%
No matching quizzes found
Score Distribution
Percent of People with Each Score
Percentile by Number Answered
Your Score History
You have not taken this quiz